000 00470nam a2200193Ia 4500
005 20240823044925.0
008 240823s9999||||xx |||||||||||||| ||und||
020 _a978-0-19-569146-7
041 _aENGLISH
082 _A621.3822 Q2
100 _a"Chen,Chi Tsong"
245 0 _aDigital Signal processing
250 _a1st
260 _c2012
_b"Oxford,New York"
500 _aYES
650 _aSignal Processing
_bInstrumentation
942 _cBK
999 _c213753
_d213753